00369nam a2200145Ia 4500003000400000008004100004020002300045040000800068100001900076245004200095260003600137300001500173365001100188440002400199LDD181029s9999 xx 000 0 und d a8187358297c220.00 cLDD aSingh, Upinder 0aDelhibAncient HistorycUpinder Singh aNew DelhibSocial Sciencec2006 axxiv, 227p b220.00 aReadings in history